000 nam a22 a 4500
999 _c1517
_d1517
003 AKMAL
005 20170509164458.0
008 170509s1996 my 00 may d
020 _a9839315056 (kkt.):
_cRM 12.00
040 _aAKMAL
_cAKMAL
049 _aklpmal
082 0 4 _a305.5234 WAT
090 _a305.5234
_bWAT
100 1 _aWattles, Wallace Delois,
_d1860-1911
_93032
245 1 0 _aKejayaan kewangan :
_bmelalui kekuatan fikiran yang kreatif /
_cWallace D Wattles ; penterjemah Zulkifilee Yazid
260 _aBatu Caves :
_bAlbaz Publishing & Distribution,
_c1996
300 _a95ms. :
_b;
_c22cm
440 _aSiri motivasi
_91119
500 _aTerjemahan dari: Financial success through the power of creative thought
650 _aSuccess
_92
650 _aWealth
_91315
700 0 _aZulkifilee Yazid
_91118
942 _2ddc
_cBOOK